|
|
|
|
| LEADER |
00000nam0a2200000 4500 |
| 001 |
114259 |
| 005 |
20231031122207.0 |
| 035 |
|
|
|a (RuTPU)RU\TPU\book\123562
|
| 090 |
|
|
|a 114259
|
| 100 |
|
|
|a 20070420d1977 m y0rusy50 ca
|
| 101 |
0 |
|
|a rus
|
| 102 |
|
|
|a UA
|
| 105 |
|
|
|a a z 001zy
|
| 200 |
1 |
|
|a Тугоплавкие бориды и силициды
|e [сборник статей]
|f Академия наук Украинской ССР (АН УССР), Институт проблем материаловедения им И. Н. Францевича (ИПМ) ; под ред. Г. В. Самсонова
|
| 210 |
|
|
|a Киев
|c Наукова думка
|d 1977
|
| 215 |
|
|
|a 164 с.
|c ил.
|
| 320 |
|
|
|a Библиография в конце статей
|
| 610 |
1 |
|
|a тугоплавкие бориды
|
| 610 |
1 |
|
|a тугоплавкие силициды
|
| 610 |
1 |
|
|a сборники
|
| 675 |
|
|
|a 661.8
|v 3
|
| 702 |
|
1 |
|a Самсонов
|b Г. В.
|g Григорий Валентинович
|4 340
|
| 712 |
0 |
2 |
|a Академия наук Украинской ССР (АН УССР)
|b Институт проблем материаловедения им И. Н. Францевича (ИПМ)
|c (Киев)
|2 stltpush
|3 (RuTPU)RU\TPU\col\1143
|
| 801 |
|
1 |
|a RU
|b 63413507
|c 20070420
|g PSBO
|
| 801 |
|
2 |
|a RU
|b 63413507
|c 20080504
|g PSBO
|
| 942 |
|
|
|c BK
|